Role expectations of Latin American bureaucrats: hypothesis and data (Record no. 477656)

000 -LEADER
fixed length control field 00675cam a22001457a 4500
008 - FIXED-LENGTH DATA ELEMENTS--GENERAL INFORMATION
fixed length control field 180718b1971 xxu||||| |||| 00| 0 eng d
082 ## - DEWEY DECIMAL CLASSIFICATION NUMBER
Classification number K18x8 T312
245 ## - TITLE STATEMENT
Title Role expectations of Latin American bureaucrats: hypothesis and data
Statement of responsibility, etc. by University of Texas. Inst of Latin American Studies
260 ## - PUBLICATION, DISTRIBUTION, ETC.
Place of publication, distribution, etc. Austin
Name of publisher, distributor, etc. Institute of Latin American Studies , Univ of Taxas
Date of publication, distribution, etc. 1971
300 ## - PHYSICAL DESCRIPTION
Extent 47p.
440 ## - SERIES STATEMENT/ADDED ENTRY--TITLE
Title LADAC Occasional Paper series No.3
500 ## - GENERAL NOTE
General note Presented at the National Conferenc on comparative Administration held at Hotel Syracuse, Syracuse,N.Y., Apr.1971
650 ## - SUBJECT ADDED ENTRY--TOPICAL TERM
Topical term or geographic name entry element Bureaucracy - Latin America
700 ## - ADDED ENTRY--PERSONAL NAME
Personal name Texas University. Institute of Latin American Studies
Holdings
Withdrawn status Lost status Damaged status Not for loan Permanent Location Current Location Date acquired Full call number Barcode Date last seen Price effective from Koha item type
        Indian Institute of Public Administration Indian Institute of Public Administration 2018-08-04 K18x8 T312 GR8835 2018-08-04 2018-08-04 GR

Powered by Koha